| 000 | 00000nam##2200000za#4500 |
| 001 | 9.643715 |
| 003 | CaOODSP |
| 005 | 20210624224311 |
| 007 | cr ||||||||||| |
| 008 | 150407|1961||||xxc|||||o f|0| 0 fre|d |
| 040 | |aCaOODSP|bfre |
| 043 | |an-cn--- |
| 086 | 1 |aA53-795/1961F-PDF |
| 110 | 1 |aCanada.|bAgriculture Canada. |bDirection générale de recherche. |
| 245 | 10|aL'aménagement de votre jardin / |h[ressource électronique]|c[par] R.W. Oliver. |
| 260 | |aOttawa - Ontario : |bAgriculture Canada. |c1948 (rév. 1958, tirage de 1961). |
| 300 | |a36p.|bfigures, tableaux |
| 500 | |aPublication historique numerisée par Agriculture et Agroalimentaire Canada. |
| 590 | |a15-01-Supp|b2015-01-26 |
| 691 | 07|aFlore|2gcpds |
| 691 | 07|aJardin|2gcpds |
| 691 | 07|aJardinage|2gcpds |
| 856 | 40|ahttp://publications.gc.ca|qPDF|s2.9 Mo|uhttps://publications.gc.ca/collections/collection_2014/aac-aafc/agrhist/A53-795-1961-fra.pdf |
| 986 | |a795 |